Návrh evidenčného systému pre elektrické zariadenia : Bakalárska práca

Gespeichert in:
Bibliographische Detailangaben
1. Verfasser: Kičin, Karol (Verfasst von)
Weitere Verfasser: Schreiber, Peter, 1960- (xxx)
Format: Manuskript Buch
Sprache:Slowakisch
Veröffentlicht: Trnava : STU v Bratislave MtF KAIA, 2003
Schlagworte:
Tags: Tag hinzufügen
Keine Tags, Fügen Sie das erste Tag hinzu!

MARC

LEADER 00000ntm a22000003a 4500
001 stu83048
005 20160719154832.9
008 040109s2003----xo------------------slo-d
040 |a STU  |b slo 
041 0 |a slo 
044 |a xo 
100 1 |a Kičin, Karol  |4 aut 
245 1 |a Návrh evidenčného systému pre elektrické zariadenia :  |b Bakalárska práca 
260 |a Trnava :  |b STU v Bratislave MtF KAIA,  |c 2003 
300 |a 49 s  |c príl 
650 7 |a evidenčné systémy  |2 stusub 
650 7 |a aplikovaná informatika a informačné systémy  |2 stusub 
700 1 |a Schreiber, Peter,  |d 1960-  |4 xxx  |u M6000  |U MTF Materiálovotechnologická fakulta  |T MTF Ústav aplikovanej informatiky, automatizácie a matematiky  |X 247  |U M6000  |Y 86  |7 A000000247 
996 |b 284M054724  |c M*BP-124  |l MMSKP  |s P  |a 0  |w stu83048_0001